Statistics for Warsaw Pact Countries

Click here to take the quiz!

General Stats

  • This quiz has been taken 21,493 times
    (21,489 since last reset)
  • The average score is 6 of 8

Answer Stats

Country % Correct
Poland
97%
Soviet Union
90%
Romania
84%
Hungary
83%
Bulgaria
79%
Czechoslovakia
75%
Albania
67%
East Germany
67%

Score Distribution

Percentile by Number Answered

Percent of People with Each Score

Your Score History

You have not taken this quiz since the last reset